Công ty tuyển than cửa ông với phong trào thi đua yêu nước thời kỳ đổi mới /

Tallennettuna:
Bibliografiset tiedot
Päätekijä: Hà Li.
Aineistotyyppi: Artikkeli
Kieli:Vietnamese
Aiheet:
Tagit: Lisää tagi
Ei tageja, Lisää ensimmäinen tagi!
Thư viện lưu trữ: Thư viện Trường Đại học Đà Lạt
LEADER 00775nam a2200265 4500
001 DLU140159438
005 ##20140210
040 # # |a DLU  |b vie 
041 # # |a vie 
044 # # |a vn 
100 # # |a Hà Li. 
245 # # |a Công ty tuyển than cửa ông với phong trào thi đua yêu nước thời kỳ đổi mới /  |c Hà Li. 
653 # # |a Khen thưởng 
653 # # |a Phong trào thi đua 
653 # # |a Qui chế thi đua 
773 # # |t Giáo dục lý luận   |g Số 6, 2010, tr. 82-84 
920 # # |a Phòng Tạp chí -- Trung tâm Thông tin - Thư viện Trường Đại học Đà Lạt 
994 # # |a DLU 
900 # # |a True 
911 # # |a Nguyễn Thị Linh Chi 
925 # # |a G 
926 # # |a A 
927 # # |a BB 
980 # # |a Thư viện Trường Đại học Đà Lạt